000 00620nam a2200181Ia 4500
008 151018s9999 xx 000 0 und d
082 _bRBASDV45093
_a891.433
100 _aअनेजा हरिवंश
245 _aस्वामी विवेकानंद कि
250 _b1
260 _bएच.के.बुक
_c2008
300 _a112
600 _aअनेजा हरिवंश
630 _aस्वामी विवेकानंद कि
700 _aअनेजा हरिवंश
730 _aस्वामी विवेकानंद कि
942 _cBOOK
999 _c1044283
_d1044280